Tribhuvan University Central Library

Small Farmer Development Programme; a case study of Gangoliya VDC of Rupandehi District, Nepal (Record no. 38629)

MARC details
000 -LEADER
fixed length control field 008730000a22003130004500
082 ## - DEWEY DECIMAL CLASSIFICATION NUMBER
Classification number 630
Item number C393s
-- D
041 ## - LANGUAGE CODE
Language code of text/sound track or separate title Eng
100 ## - MAIN ENTRY--PERSONAL NAME
Personal name Chaudhary, Sher Bahadur 'Tharu'
245 ## - TITLE STATEMENT
Title Small Farmer Development Programme; a case study of Gangoliya VDC of Rupandehi District, Nepal
260 ## - PUBLICATION, DISTRIBUTION, ETC. (IMPRINT)
Place of publication, distribution, etc Kathmandu, Nepal
260 ## - PUBLICATION, DISTRIBUTION, ETC. (IMPRINT)
Date of publication, distribution, etc 2005
300 ## - PHYSICAL DESCRIPTION
Extent xiv, 111p.
Other physical details illus.
500 ## - GENERAL NOTE
General note Bibliography: p.108-111
518 ## - DATE/TIME AND PLACE OF AN EVENT NOTE
Date/time and place of an event note 2006-11-23
530 ## - ADDITIONAL PHYSICAL FORM AVAILABLE NOTE
Additional physical form available note Dis
502 ## - DISSERTATION NOTE
Dissertation note Dissertation
-- Degree in Economics, Tribhuvan University
650 ## - SUBJECT ADDED ENTRY--TOPICAL TERM
Topical term or geographic name as entry element Farming
650 ## - SUBJECT ADDED ENTRY--TOPICAL TERM
Topical term or geographic name as entry element Agriculture
650 ## - SUBJECT ADDED ENTRY--TOPICAL TERM
Topical term or geographic name as entry element Farmers
650 ## - SUBJECT ADDED ENTRY--TOPICAL TERM
Topical term or geographic name as entry element Farms
650 ## - SUBJECT ADDED ENTRY--TOPICAL TERM
Topical term or geographic name as entry element Rural development
650 ## - SUBJECT ADDED ENTRY--TOPICAL TERM
Topical term or geographic name as entry element Socio-economic indicators
650 ## - SUBJECT ADDED ENTRY--TOPICAL TERM
Topical term or geographic name as entry element Case studies
651 ## - SUBJECT ADDED ENTRY--GEOGRAPHIC NAME
Geographic name Nepal
651 ## - SUBJECT ADDED ENTRY--GEOGRAPHIC NAME
Geographic name Rupandehi District
651 ## - SUBJECT ADDED ENTRY--GEOGRAPHIC NAME
Geographic name Gangoliya VDC
650 ## - SUBJECT ADDED ENTRY--TOPICAL TERM
Topical term or geographic name as entry element Small Farmer Development Programme
942 ## - ADDED ENTRY ELEMENTS (KOHA)
Koha item type General Collections
Holdings
Withdrawn status Lost status Damaged status Not for loan Home library Current library Date acquired Total Checkouts Barcode Date last seen Price effective from
        Tribhuvan University Central Library Tribhuvan University Central Library 06/20/2010   D11424 06/20/2010 06/20/2010